5HLuxD.jpg

KING HENRY VIII SENIOR AND PRIMARY SCHOOL LIBRARY OPAC

Mog the forgetful cat / (Record no. 1934)

000 -LEADER
fixed length control field 00780cam a2200241 a 4500
001 - CONTROL NUMBER
control field (Sirsi) a631908
003 - CONTROL NUMBER IDENTIFIER
control field OSt
005 - DATE AND TIME OF LATEST TRANSACTION
control field 20230220100956.0
008 - FIXED-LENGTH DATA ELEMENTS--GENERAL INFORMATION
fixed length control field 100721r20051970enka b 000 1 eng d
020 ## - INTERNATIONAL STANDARD BOOK NUMBER
International Standard Book Number 9780007171347 (pbk.) :
040 ## - CATALOGING SOURCE
Original cataloging agency TAE
Language of cataloging eng
Transcribing agency TAE
Modifying agency KH8
042 ## - AUTHENTICATION CODE
Authentication code nbic
082 0# - DEWEY DECIMAL CLASSIFICATION NUMBER
Classification number 823.914 KER
100 1# - MAIN ENTRY--PERSONAL NAME
Personal name Kerr, Judith.
Relator term author
245 10 - TITLE STATEMENT
Title Mog the forgetful cat /
Statement of responsibility, etc. written and illustrated by Judith Kerr.
260 ## - PUBLICATION, DISTRIBUTION, ETC.
Place of publication, distribution, etc. London :
Name of publisher, distributor, etc. HarperCollins children's,
Date of publication, distribution, etc. 2005.
300 ## - PHYSICAL DESCRIPTION
Extent [36] p. :
Other physical details col. ill. ;
Dimensions 28 cm.
520 ## - SUMMARY, ETC.
Summary, etc. A cat's forgetfulness gets her into continual trouble.
521 1# - TARGET AUDIENCE NOTE
Target audience note 4-8.
650 #0 - SUBJECT ADDED ENTRY--TOPICAL TERM
Topical term or geographic name entry element Mog(Fictitious charactor)
General subdivision Pictorial works
Form subdivision Juvenile fiction.
650 #0 - SUBJECT ADDED ENTRY--TOPICAL TERM
Topical term or geographic name entry element Cats
General subdivision Pictorial works
Form subdivision Juvenile fiction.
942 ## - ADDED ENTRY ELEMENTS (KOHA)
Source of classification or shelving scheme
Koha item type Books - Non Ficton
Holdings
Withdrawn status Lost status Source of classification or shelving scheme Damaged status Not for loan Collection code Permanent Location Current Location Shelving location Date acquired Total Checkouts Full call number Barcode Date last seen Date last checked out Price effective from Koha item type
      Damaged   Non-Fiction KH8 Primary School Library KH8 Primary School Library Non Fiction 2023-02-20 15 823.914 KER KHPL000003654 2025-12-05 2025-08-27 2023-02-20 Books - Non Ficton

Powered By KH8 IT Dept